000 00987nam a22002897a 4500
005 20100602111156.0
008 100602t xxu||||| |||| 00| 0 eng d
010 _aENG-96260
020 _a9780070683556
_c675.00
020 _a0070683557
_c675.00
035 _aEN-79793
037 _bDBAD/PUB
040 _aDPL
_bEng
082 _a005.8
100 _aKnox, David C
245 _aApplied Oracle security :
_cby David C. Knox...[et al]
_bdeveloping secure database and middleware environments /
260 _aNew Delhi
_bTata McGraw Hill
_c2010
270 _a7, West Patel Nagar
_bNew Delhi
_e110008
300 _axxv, 610p.:
_bill.
_c24 cm (pbk)
500 _aincludes index
630 _aOracle (Computer file)
650 _aComputer security.
650 _aDatabases.
700 _aKnox, David C.
942 _2ddc
_cEN
_mKNO
_h005.8
999 _c36478
_d36478